Hướng dẫn tự học HTML và XHTML trong 24 giờ
Kaydedildi:
| Yazar: | |
|---|---|
| Materyal Türü: | Kitap |
| Dil: | Undetermined |
| Baskı/Yayın Bilgisi: |
Tp. HCM
Thống Kê
2001
|
| Konular: | |
| Etiketler: |
Etiketle
Etiket eklenmemiş, İlk siz ekleyin!
|
| Thư viện lưu trữ: | Trung tâm Học liệu Trường Đại học Cần Thơ |
|---|
| LEADER | 00547nam a2200169Ia 4500 | ||
|---|---|---|---|
| 001 | CTU_47060 | ||
| 008 | 210402s9999 xx 000 0 und d | ||
| 082 | |a 005.7592 | ||
| 082 | |b Ph561 | ||
| 100 | |a Lê, Minh Phương | ||
| 245 | 0 | |a Hướng dẫn tự học HTML và XHTML trong 24 giờ | |
| 245 | 0 | |c Lê Minh Phương | |
| 260 | |a Tp. HCM | ||
| 260 | |b Thống Kê | ||
| 260 | |c 2001 | ||
| 650 | |a html ( document makup language ),xhtml ( document makup language ) | ||
| 980 | |a Trung tâm Học liệu Trường Đại học Cần Thơ | ||